[Event "Madrid ch Veteranos 2324"]
[Site "Madrid ESP"]
[Date "2024.03.21"]
[Round "9.16"]
[White "Rodriguez Valdeavero, Julio Cesa"]
[Black "Barahona Torrijos, Angel"]
[Result "0-1"]
[WhiteElo "1887"]
[BlackElo "1833"]
[PlyCount "66"]
[EventDate "2024.03.11"]
[EventType "swiss"]
[EventRounds "9"]
[EventCountry "ESP"]
[SourceTitle "Ajedrez en Madrid"]
[Source "lmi"]
[SourceDate "2024.03.11"]
[SourceVersion "1"]
[SourceVersionDate "2024.03.23"]
[SourceQuality "1"]

1. d4 Nf6 2. Nf3 e6 3. g3 c5 4. Bg2 Nc6 5. c4 cxd4 6. Nxd4 Bc5 7. Nc2 O-O 8.
Nc3 a6 9. O-O Rb8 10. a3 Ng4 11. e4 f5 12. exf5 Nxf2 13. Rxf2 Bxf2+ 14. Kxf2
Rxf5+ 15. Kg1 b5 16. Kh1 Bb7 17. Bf4 Rc8 18. Ne3 Rf7 19. cxb5 Na5 20. Bxb7 Nxb7
21. bxa6 Nc5 22. Bd6 Qb6 23. Qd4 Qc6+ 24. Kg1 Nb3 25. Qd1 Nxa1 26. a7 Qb6 27.
Bb8 Qxe3+ 28. Kh1 Rcf8 29. a8=Q Rf1+ 30. Qxf1 Rxf1+ 31. Kg2 Rf2+ 32. Kh3 Qh6+
33. Kg4 Qg6+ 0-1

[Event "Madrid ch Veteranos 2324"]
[Site "Madrid ESP"]
[Date "2024.03.21"]
[Round "9.18"]
[White "Gil Sierra, Jacinto"]
[Black "San Segundo Ortiz, Fernando"]
[Result "0-1"]
[WhiteElo "1877"]
[BlackElo "1813"]
[PlyCount "74"]
[EventDate "2024.03.11"]
[EventType "swiss"]
[EventRounds "9"]
[EventCountry "ESP"]
[SourceTitle "Ajedrez en Madrid"]
[Source "lmi"]
[SourceDate "2024.03.11"]
[SourceVersion "1"]
[SourceVersionDate "2024.03.23"]
[SourceQuality "1"]

1. e4 c5 2. Nf3 g6 3. d4 cxd4 4. Nxd4 Bg7 5. c4 Nc6 6. Be3 d6 7. Nc3 Nf6 8. Be2
O-O 9. O-O a6 10. Rc1 Nd7 11. Nd5 e6 12. Nc3 Nxd4 13. Bxd4 Ne5 14. Qd2 Qh4 15.
Be3 Ng4 16. Bxg4 Qxg4 17. f3 Qh5 18. Ne2 b5 19. g4 Qh3 20. Bg5 e5 21. Kh1 Bxg4
22. fxg4 f6 23. Qd5+ Kh8 24. Bd2 Qxg4 25. Rf2 Rac8 26. Rg1 Qh4 27. Be1 Rc5 28.
Rff1 Qh3 29. Qxd6 Rxc4 30. Nc3 b4 31. Nd5 Qd3 32. Bxb4 Qxe4+ 33. Rg2 Rd4 34.
Nxf6 Rxd6 35. Nxe4 Rxf1+ 36. Rg1 Rxg1+ 37. Kxg1 Rd4 0-1

[Event "Madrid ch Veteranos 2324"]
[Site "Madrid ESP"]
[Date "2024.03.21"]
[Round "9.19"]
[White "Rodriguez Rodriguez, Ricardo"]
[Black "Fernandez Garcia, Ignacio"]
[Result "0-1"]
[WhiteElo "1786"]
[BlackElo "1873"]
[PlyCount "138"]
[EventDate "2024.03.11"]
[EventType "swiss"]
[EventRounds "9"]
[EventCountry "ESP"]
[SourceTitle "Ajedrez en Madrid"]
[Source "lmi"]
[SourceDate "2024.03.11"]
[SourceVersion "1"]
[SourceVersionDate "2024.03.23"]
[SourceQuality "1"]

1. e4 d6 2. d4 g6 3. Be3 Nf6 4. Nc3 Bg7 5. Bc4 c6 6. Bb3 b5 7. a3 a5 8. f3 O-O
9. Qd2 Re8 10. Nge2 Na6 11. O-O Qc7 12. Rad1 a4 13. Ba2 Rb8 14. Nf4 e5 15. dxe5
dxe5 16. Nd3 c5 17. Nd5 Nxd5 18. Bxd5 Bb7 19. Bxb7 Rxb7 20. Qf2 c4 21. Nc5 Nxc5
22. Bxc5 Qc8 23. Bb4 f5 24. Qc5 Qxc5+ 25. Bxc5 Rc7 26. Bb4 Bf8 27. Bxf8 Kxf8
28. Rd5 c3 29. Rxb5 cxb2 30. Rxb2 Rc3 31. Rd1 Rxa3 32. Rd7 Re7 33. Rbb7 Rxd7
34. Rxd7 fxe4 35. fxe4 Re3 36. Rxh7 Rxe4 37. Rc7 Rf4 38. g3 Rd4 39. Kg2 e4 40.
Kf2 Ke8 41. Ke3 Kd8 42. Rc6 Rb4 43. Rxg6 Kc7 44. h4 Rb6 45. Rg7+ Kb8 46. Rd7
Rg6 47. Kxe4 Rxg3 48. Kf5 a3 49. Rd4 Rc3 50. Ra4 Kc7 51. h5 Kd7 52. Kg6 Ke7 53.
h6 Rg3+ 54. Kh7 Kf7 55. c4 Ke6 56. Ra6+ Ke5 57. c5 Kd5 58. c6 Kd6 59. Kh8 Kc7
60. h7 Kd6 61. Ra8 Kxc6 62. Rg8 Rh3 63. Rg6+ Kb5 64. Kg7 a2 65. Rg1 Rg3+ 66.
Rxg3 a1=Q+ 67. Kg8 Qa8+ 68. Kf7 Qd5+ 69. Kg7 Qd6 0-1

[Event "Madrid ch Veteranos 2324"]
[Site "Madrid ESP"]
[Date "2024.03.21"]
[Round "9.20"]
[White "Prada Lopez, Miguel Angel"]
[Black "Ortega Molina, Tomas"]
[Result "0-1"]
[WhiteElo "2048"]
[BlackElo "1716"]
[PlyCount "118"]
[EventDate "2024.03.11"]
[EventType "swiss"]
[EventRounds "9"]
[EventCountry "ESP"]
[SourceTitle "Ajedrez en Madrid"]
[Source "lmi"]
[SourceDate "2024.03.11"]
[SourceVersion "1"]
[SourceVersionDate "2024.03.23"]
[SourceQuality "1"]

1. Nf3 d5 2. g3 Nf6 3. Bg2 c6 4. O-O Bg4 5. h3 Bh5 6. d3 Nbd7 7. c4 e6 8. Nc3
Be7 9. a3 O-O 10. b4 Qc7 11. Bb2 Rab8 12. Rc1 Rfd8 13. cxd5 exd5 14. Nh4 Nb6
15. Nf5 Bg6 16. Nxe7+ Qxe7 17. Na4 Nxa4 18. Qxa4 Qxe2 19. Bxf6 gxf6 20. Qxa7
Qxd3 21. Rfd1 Qb3 22. Qd4 Qxa3 23. Rc3 Qb2 24. g4 Re8 25. Rd2 Re1+ 26. Kh2 Qb1
27. Re3 Rxe3 28. fxe3 Re8 29. Rf2 Qe1 30. Qxf6 Qxe3 31. b5 Qe5+ 32. Kg1 Qxf6
33. Rxf6 Re6 34. Rf1 Be4 35. bxc6 bxc6 36. Rc1 Bxg2 37. Kxg2 Kg7 38. Kf3 Kg6
39. h4 h6 40. Kf4 Re4+ 41. Kf3 Re6 42. Kf4 Kf6 43. Rc2 Re4+ 44. Kf3 Rc4 45. Ra2
Ke5 46. Ra7 Rf4+ 47. Kg3 c5 48. Ra8 Rf1 49. Re8+ Kd4 50. g5 hxg5 51. h5 Rg1+
52. Kf3 g4+ 53. Kf4 c4 54. Kg5 c3 55. Rc8 g3 56. Kf4 g2 57. Kf3 Rh1 58. Kxg2
Rxh5 59. Kf2 Rg5 0-1

[Event "Madrid ch Veteranos 2324"]
[Site "Madrid ESP"]
[Date "2024.03.21"]
[Round "9.21"]
[White "Menendez Domens, Juan Manuel"]
[Black "Martin Garcia, Luis I"]
[Result "1/2-1/2"]
[WhiteElo "1651"]
[BlackElo "1894"]
[PlyCount "48"]
[EventDate "2024.03.11"]
[EventType "swiss"]
[EventRounds "9"]
[EventCountry "ESP"]
[SourceTitle "Ajedrez en Madrid"]
[Source "lmi"]
[SourceDate "2024.03.11"]
[SourceVersion "1"]
[SourceVersionDate "2024.03.23"]
[SourceQuality "1"]

1. d4 d5 2. Nf3 c5 3. e3 Nc6 4. c3 e6 5. Bd3 Nf6 6. Nbd2 Bd6 7. Qe2 O-O 8. O-O
Qc7 9. e4 cxd4 10. cxd4 e5 11. dxe5 Nxe5 12. Nxe5 Bxe5 13. Nf3 Bg4 14. h3 Bxf3
15. Qxf3 dxe4 16. Bxe4 Nxe4 17. Qxe4 Rfe8 18. Qg4 Re6 19. g3 Rg6 20. Qh4 Rd8
21. Bg5 Rd4 22. Rac1 Qd7 23. Qh5 h6 24. Be3 Rd5 1/2-1/2

[Event "Madrid ch Veteranos 2324"]
[Site "Madrid ESP"]
[Date "2024.03.21"]
[Round "9.22"]
[White "Jimenez Ascarza, Jose Ignacio"]
[Black "Vukotic Jovsic, Dragan"]
[Result "1-0"]
[WhiteElo "1755"]
[BlackElo "1882"]
[PlyCount "81"]
[EventDate "2024.03.11"]
[EventType "swiss"]
[EventRounds "9"]
[EventCountry "ESP"]
[SourceTitle "Ajedrez en Madrid"]
[Source "lmi"]
[SourceDate "2024.03.11"]
[SourceVersion "1"]
[SourceVersionDate "2024.03.23"]
[SourceQuality "1"]

1. e4 c5 2. Nf3 d6 3. d4 cxd4 4. Nxd4 Nf6 5. Nc3 g6 6. f3 Bg7 7. Be3 O-O 8. Qd2
Nc6 9. O-O-O Bd7 10. g4 Rc8 11. h4 h5 12. Bh6 Nxd4 13. Bxg7 Kxg7 14. Qxd4 hxg4
15. fxg4 Bxg4 16. Be2 Bxe2 17. Nxe2 Qc7 18. Rd2 Qc4 19. Nc3 b5 20. Qe3 b4 21.
Nb1 Qxe4 22. Qxe4 Nxe4 23. Rd4 Ng3 24. Re1 a5 25. Rd5 e6 26. Rxa5 Rc4 27. Ra7
Rfc8 28. c3 bxc3 29. Nxc3 d5 30. Rxe6 Rxh4 31. Ree7 Rf4 32. Kd2 d4 33. Nd5 Rf2+
34. Kd3 Rcc2 35. Rxf7+ Kh6 36. Rxf2 Rxf2 37. b4 Nf5 38. b5 g5 39. b6 g4 40. b7
Rb2 41. Ra6+ 1-0

[Event "Madrid ch Veteranos 2324"]
[Site "Madrid ESP"]
[Date "2024.03.21"]
[Round "9.23"]
[White "Ubillus Carrasco, Javier"]
[Black "Alberdi Garcia, Carlos Alfonso"]
[Result "0-1"]
[WhiteElo "1879"]
[BlackElo "1765"]
[PlyCount "58"]
[EventDate "2024.03.11"]
[EventType "swiss"]
[EventRounds "9"]
[EventCountry "ESP"]
[SourceTitle "Ajedrez en Madrid"]
[Source "lmi"]
[SourceDate "2024.03.11"]
[SourceVersion "1"]
[SourceVersionDate "2024.03.23"]
[SourceQuality "1"]

1. e4 e6 2. Nf3 d5 3. exd5 exd5 4. d4 Bg4 5. h3 Bh5 6. c3 Nf6 7. Be2 Be7 8.
Nbd2 O-O 9. Nf1 Nbd7 10. Ne3 Re8 11. g4 Bg6 12. Nh4 c6 13. Nxg6 hxg6 14. Bd3
Bd6 15. Qf3 Ne4 16. h4 Qf6 17. Qg2 Bf4 18. Bd2 Qd6 19. O-O-O Nxd2 20. Kxd2 c5
21. a3 Nf6 22. Rhe1 Qb6 23. Kc2 Bxe3 24. fxe3 c4 25. Bf1 Re6 26. g5 Ne4 27. Rc1
Rc8 28. Kb1 Rce8 29. Qf3 Nd2+ 0-1

[Event "Madrid ch Veteranos 2324"]
[Site "Madrid ESP"]
[Date "2024.03.21"]
[Round "9.24"]
[White "Garcia Santiago, Juan Carlos"]
[Black "Lobato Palomo, Manuel Angel"]
[Result "0-1"]
[WhiteElo "1739"]
[BlackElo "1804"]
[PlyCount "62"]
[EventDate "2024.03.11"]
[EventType "swiss"]
[EventRounds "9"]
[EventCountry "ESP"]
[SourceTitle "Ajedrez en Madrid"]
[Source "lmi"]
[SourceDate "2024.03.11"]
[SourceVersion "1"]
[SourceVersionDate "2024.03.23"]
[SourceQuality "1"]

1. e4 e6 2. d4 d5 3. Nd2 Nf6 4. e5 Nfd7 5. Ngf3 c5 6. c3 Nc6 7. Bd3 cxd4 8.
cxd4 f6 9. exf6 Nxf6 10. O-O Bd6 11. Re1 O-O 12. Bb5 Qb6 13. Bxc6 bxc6 14. Nb3
Ne4 15. Be3 Qc7 16. h3 Qf7 17. Nbd2 Nxd2 18. Qxd2 Qg6 19. Nh4 Qh5 20. g3 Be7
21. Ng2 Qxh3 22. Bg5 Bf6 23. Qf4 Ba6 24. Re3 Bxg5 25. Qxg5 Qf5 26. Re5 Qxf2+
27. Kh2 Bf1 28. Rxf1 Qxf1 29. Nf4 Rf6 30. Rxe6 Rxe6 31. Nxe6 Qe2+ 0-1

[Event "Madrid ch Veteranos 2324"]
[Site "Madrid ESP"]
[Date "2024.03.21"]
[Round "9.26"]
[White "Martinez Miura, Enrique"]
[Black "Marcos Herrero, Francisco"]
[Result "0-1"]
[WhiteElo "1696"]
[BlackElo "1879"]
[PlyCount "53"]
[EventDate "2024.03.11"]
[EventType "swiss"]
[EventRounds "9"]
[EventCountry "ESP"]
[SourceTitle "Ajedrez en Madrid"]
[Source "lmi"]
[SourceDate "2024.03.11"]
[SourceVersion "1"]
[SourceVersionDate "2024.03.23"]
[SourceQuality "1"]

1. e4 c6 2. d4 d5 3. Nc3 dxe4 4. Nxe4 Nf6 5. Nxf6+ exf6 6. Nf3 Bd6 7. Be2 O-O
8. O-O Re8 9. h3 Nd7 10. c4 Nf8 11. Re1 Bf5 12. Be3 Qd7 13. Bf1 Rad8 14. Qd2
Ng6 15. c5 Bb8 16. Qc3 Be4 17. Nd2 Bd5 18. Bc4 Nh4 19. Bxd5 Qxd5 20. f3 Bg3 21.
Bf2 Qg5 22. Rf1 Nxg2 23. Kxg2 Bf4+ 24. Kh1 Bxd2 25. Qd3 Bf4 26. Rg1 Qh6 27. Rg2
0-1

[Event "Madrid ch Veteranos 2324"]
[Site "Madrid ESP"]
[Date "2024.03.21"]
[Round "9.27"]
[White "Infante Martin, Alonso"]
[Black "Hernandez Gutierrez, Jose"]
[Result "0-1"]
[WhiteElo "1618"]
[BlackElo "1825"]
[PlyCount "72"]
[EventDate "2024.03.11"]
[EventType "swiss"]
[EventRounds "9"]
[EventCountry "ESP"]
[SourceTitle "Ajedrez en Madrid"]
[Source "lmi"]
[SourceDate "2024.03.11"]
[SourceVersion "1"]
[SourceVersionDate "2024.03.23"]
[SourceQuality "1"]

1. d4 d5 2. Nf3 Nf6 3. c4 c6 4. Nc3 dxc4 5. a4 e6 6. Bg5 Bb4 7. Qc2 Nbd7 8. e4
Qa5 9. Nd2 Qxg5 10. Nxc4 O-O 11. Ne3 b6 12. Bd3 Bb7 13. O-O c5 14. e5 cxd4 15.
f4 Qh6 16. exf6 Nxf6 17. Na2 Rac8 18. Nc4 Ng4 19. h3 Ne3 20. Qe2 Be7 21. Nxe3
dxe3 22. Nc3 Rfd8 23. Rad1 Bd6 24. Qg4 Bb4 25. Rfe1 Qf6 26. Rxe3 Bc5 27. Qg3 g6
28. Kh1 Bxe3 29. Qxe3 Rc5 30. Kh2 Rd4 31. g3 Qd8 32. Be2 Rxd1 33. Nxd1 Qd5 34.
Qg1 Rc1 35. h4 Qd2 36. Qf1 Ba6 0-1

[Event "Madrid ch Veteranos 2324"]
[Site "Madrid ESP"]
[Date "2024.03.21"]
[Round "9.29"]
[White "Montero Montero, Juan Jose"]
[Black "Martin-Consuegra Barrilero, Javi"]
[Result "0-1"]
[WhiteElo "1779"]
[BlackElo "1825"]
[PlyCount "90"]
[EventDate "2024.03.11"]
[EventType "swiss"]
[EventRounds "9"]
[EventCountry "ESP"]
[SourceTitle "Ajedrez en Madrid"]
[Source "lmi"]
[SourceDate "2024.03.11"]
[SourceVersion "1"]
[SourceVersionDate "2024.03.23"]
[SourceQuality "1"]

1. b3 e5 2. Bb2 d6 3. e3 Nf6 4. Nf3 Be7 5. Be2 O-O 6. d3 a5 7. a4 c6 8. O-O Re8
9. d4 e4 10. Nfd2 d5 11. c4 Na6 12. Ba3 Nb4 13. c5 b6 14. Bxb4 axb4 15. cxb6
Qxb6 16. Re1 Bb7 17. Nf1 c5 18. dxc5 Bxc5 19. Nbd2 Red8 20. Qc1 Qa5 21. Ng3
Rac8 22. Qb1 Qa7 23. Rf1 Rc7 24. Ra2 Rdc8 25. Rc2 h6 26. Rfc1 g6 27. h3 h5 28.
h4 Qb6 29. Ngf1 Ne8 30. Ng3 Bxe3 31. fxe3 Qxe3+ 32. Kh2 Rc3 33. Rxc3 bxc3 34.
Ndf1 Qf4 35. Rc2 d4 36. Bc4 Nd6 37. Kg1 e3 38. Bd3 Qxh4 39. Re2 Kg7 40. Qc2 Qf4
41. Qb1 h4 42. Nh1 f5 43. Nh2 Ne4 44. Qf1 Qd6 45. Bc2 d3 0-1

[Event "Madrid ch Veteranos 2324"]
[Site "Madrid ESP"]
[Date "2024.03.21"]
[Round "9.30"]
[White "Nevado Munoz, Rafael"]
[Black "Hortelano Hap, Ramon"]
[Result "0-1"]
[WhiteElo "1710"]
[BlackElo "1680"]
[PlyCount "73"]
[EventDate "2024.03.11"]
[EventType "swiss"]
[EventRounds "9"]
[EventCountry "ESP"]
[SourceTitle "Ajedrez en Madrid"]
[Source "lmi"]
[SourceDate "2024.03.11"]
[SourceVersion "1"]
[SourceVersionDate "2024.03.23"]
[SourceQuality "1"]

1. e4 c5 2. Nf3 d6 3. Bc4 Nf6 4. d3 e6 5. Bg5 Be7 6. O-O O-O 7. a4 h6 8. Bh4
Nbd7 9. Nbd2 b6 10. Qe2 Bb7 11. d4 d5 12. e5 dxc4 13. exf6 Nxf6 14. dxc5 Bxc5
15. Qxc4 Rc8 16. Qe2 Be7 17. c3 Nd5 18. Bxe7 Qxe7 19. Rfe1 Rfd8 20. Qe5 Nf6 21.
h3 Rc5 22. Qe2 Nd5 23. Ne4 Rc7 24. Rad1 Nf4 25. Qe3 Rxd1 26. Rxd1 Nd5 27. Qe1
Nf6 28. Nxf6+ Qxf6 29. Rd3 Bd5 30. Nd2 Qf4 31. Rd4 Qf5 32. Qd1 h5 33. g4 hxg4
34. hxg4 Qh7 35. Nf3 Qh3 36. Rf4 g5 37. Rf6 0-1

[Event "Madrid ch Veteranos 2324"]
[Site "Madrid ESP"]
[Date "2024.03.21"]
[Round "9.31"]
[White "Arjona Anchoriz, Ignacio"]
[Black "Bermudez Melero, Fernando"]
[Result "1/2-1/2"]
[WhiteElo "1606"]
[BlackElo "1840"]
[PlyCount "41"]
[EventDate "2024.03.11"]
[EventType "swiss"]
[EventRounds "9"]
[EventCountry "ESP"]
[SourceTitle "Ajedrez en Madrid"]
[Source "lmi"]
[SourceDate "2024.03.11"]
[SourceVersion "1"]
[SourceVersionDate "2024.03.23"]
[SourceQuality "1"]

1. Nf3 f5 2. c4 e6 3. g3 Nf6 4. b3 b6 5. Bg2 Bb7 6. Bb2 Be7 7. O-O O-O 8. d3 c5
9. Nbd2 Nc6 10. Re1 Qc7 11. a3 d5 12. Ng5 Qd7 13. f4 h6 14. Ngf3 d4 15. h3 Bd6
16. e3 dxe3 17. Rxe3 Rae8 18. Ne5 Bxe5 19. Bxe5 Nxe5 20. Bxb7 Qxb7 21. fxe5
1/2-1/2

[Event "Madrid ch Veteranos 2324"]
[Site "Madrid ESP"]
[Date "2024.03.21"]
[Round "9.33"]
[White "Perales Hernandez, Manuel"]
[Black "Conchillo Roman, Jose Ignacio"]
[Result "1-0"]
[WhiteElo "1594"]
[BlackElo "1718"]
[PlyCount "58"]
[EventDate "2024.03.11"]
[EventType "swiss"]
[EventRounds "9"]
[EventCountry "ESP"]
[SourceTitle "Ajedrez en Madrid"]
[Source "lmi"]
[SourceDate "2024.03.11"]
[SourceVersion "1"]
[SourceVersionDate "2024.03.23"]
[SourceQuality "1"]

1. e4 c5 2. Bc4 d6 3. Nf3 Nf6 4. e5 dxe5 5. Nxe5 e6 6. Qe2 Bd6 7. f4 Bd7 8. d3
Nc6 9. Nc3 Nd4 10. Qf2 Qc7 11. O-O Bxe5 12. fxe5 Qxe5 13. Bf4 Qh5 14. Rae1 O-O
15. Re5 Qg6 16. Rxc5 Nf5 17. Ne4 Bc6 18. Nxf6+ gxf6 19. h3 h5 20. Kh2 e5 21.
Bd2 Nh4 22. Rxc6 bxc6 23. Qxh4 f5 24. Rg1 Rab8 25. b3 Rbd8 26. c3 e4 27. g4
hxg4 28. hxg4 Qd6+ 29. Rg3 f4 1-0